000 00723nam a22001697a 4500
008 110227t xxu||||| |||| 00| 0 eng d
020 _a9772724340
082 _a228
_bو ر ش
245 _aرواية ورش :
_bوتحريراتها من طريق طيبة النشر /
_cاعداد جمال الدين محمد شرف
260 _aطنطا :
_bدار الصحابة ، 2004
_c2004
300 _a297 ص ؛
_c22 سم
650 _922287
_aالقرآن ، القراءات
650 _98667
_aالقرآن ،
_xتجويد
700 _922286
_aشرف ، جمال الدين محمد
942 _2ddc
_cBB
999 _c14959
_d14959